000 00785nam a2200241Ia 4500
003 OSt
005 20220923215350.0
006 a|||||r|||| 00| 0
007 ta
008 220922b |||||||| |||| 00| 0 hin d
024 _a178,118
037 _cTextual
040 _aARTS
_cARTS
_bhin
041 _2hin
_ahin
082 _aO152,1I00:gN5, N3
100 _aप्रसाद, जगदीश्वर
_9156292
245 0 _aकबीर की प्रगतिशील चेतना
246 _aKabīr kī pragatishīl chetanā
260 _aइलाहाबाद
_b नई कहानी
_c1993
300 _a128 पृ.
_ccm.
942 _hO152,1I00:gN5, N3
_cTEXL
_2CC
999 _c331500
_d331500